000 00763nam a22002177a 4500
003 OSt
005 20150408114206.0
008 140204s 2012jo ||||g b 00| 0 ara d
020 _a9789957077792
040 _ama-un
082 _221
_a371.4
_bد ع إ
100 _aدبور، عبد اللطيف.
_942724
245 _aالإرشاد المدرسي :
_bبين النظرية والتطبيق /
_cعبد اللطيف دبور، عبد الحكيم الصافي.
250 _aط. 2.
260 _aعمان، الأردن :
_bدار الفكر،
_c2012
300 _a428 ص. ؛
_c24 سم.
504 _aقائمة ببليوجرافية.
650 _aالتوجيه التربوي
700 _aالصافي، عبد الحكيم
_920269
942 _2ddc
_cBOOK
999 _c33492
_d267992